000 00324nam a2200121Ia 4500
008 220214s9999 xx 000 0 und d
100 _a
_ABrlow Colin
245 0 _aBudgeting on the metis of a shorter replanting period
260 _bRRIM Planters' Conference
_c1966
300 _a8p
700 _a6aSooi Choong
942 _cRE
999 _c46624
_d46624